| 000 | 00993cam a2200313 4500 | ||
|---|---|---|---|
| 001 | 394563 | ||
| 003 | GBCCL | ||
| 005 | 20241126110339.0 | ||
| 008 | 701217s1969 nyu b 000 1 eng | ||
| 010 | _a 79093038 | ||
| 040 |
_aDLC _cDLC _dDLC |
||
| 041 | 1 | _aengfre | |
| 050 | 1 | 0 |
_aPZ3.V594 _bTw57 _aPQ2469 |
| 082 | 0 | 0 |
_a843.8 _bVER |
| 100 | 1 |
_aVerne, Jules, _d1828-1905. |
|
| 240 | 1 | 0 |
_aVingt mille lieues sous les mers. _lEnglish |
| 245 | 1 | 0 |
_a20,000 leagues under the sea. _cTranslated and with a foreword by Mendor T. Brunetti. |
| 260 |
_aNew York, _bScholastic book services _c1971 |
||
| 300 |
_a384 p. _c18 cm. |
||
| 350 | _a$0.75 | ||
| 490 | 0 | _aA Signet classic, CT489 | |
| 500 | _aTranslation of Vingt mille lieues sous les mers. | ||
| 504 | _aBibliography: p. 383-384. | ||
| 650 | 0 |
_aUnderwater exploration _xFiction. |
|
| 650 | 0 |
_aSubmarines (Ships) _xFiction. |
|
| 655 | 7 |
_aScience fiction. _2gsafd |
|
| 906 |
_a7 _bcbc _corignew _d2 _encip _f19 _gy-gencatlg |
||
| 942 |
_2ddc _cBK |
||
| 999 |
_c474 _d474 |
||